1939 1414 1057 1327 1997 1101 1434 1144 1223 1866 1057 1373 1593 1411 1278 1391 1081 1542 1419 1108 1563 1950 1453 1424 1663 1762 1623 1537 1646 1062 1304 1142 1259 1524 1552 1093 1842 1111 1136 1971 1826 1519 1866 1665 1003 1437 1181 1694 1263 1118 1851 1931 1255 1988 1577 1191 1689 1851 1766 1067 1243 1077 1083 1865 1991 1161 1195 1534 1132 1843 1480 1111 1743 1724 1477 1278 1296 1145 1128 1725 1994 1961 1978 1641 1016 1819 1516 1665 1893 1769 1180 1090 1403 1856 1245 1650 1466 1429 1105 BCNSPRNW ULIB Ver.6.0+V

เปลี่ยนเป็นภาษาไทย

Change to English
 แสดงรายละเอียดบรรณานุกรม
  กลับหน้าหลัก

Brief Record : Get Marc (ISO 2709) : E-mail record : QR code < ปิดหน้าต่าง
LEADER : 00000nam 2200000uu 4500
001    13399113131
003     ULIB
008    110927s2547||||th 000 0 tha d
020    9789742985332
050 04 Q158.5^bP111 2547
245 00 ดาราศาสตร์ =^bEssential atlas of astronomy /^cเสถียร บุญฤทธิ์ แปล
246 31 Essential atlas of astronomy
250    พิมพ์ครั้งที่ 1
260    กรุงเทพฯ :^bชมรมเด็ก,^c2547
300    96 หน้า :^bภาพประกอบ
650  7 ดาราศาสตร์
700 00 เสถียร บุญฤทธิ์,^eผู้แปล
945    ^p300^l0^i026579
995    ทศพร
999 ^a ทศพร
รายการนี้ยังไม่มีแท็ก
คุณยังไม่ได้ล็อกอิน คุณสามารถมีกิจกรรมร่วมกับเว็บไซต์ได้ แต่ต้องล็อกอินก่อน ::
  ล็อกอิน

รายการสื่อสารสนเทศ

ลำดับที่ ประเภท เลขเรียก/บาร์โค้ด สถานที่ สถานะ
- ไม่พบข้อมูล -

รายการใกล้เคียง
    หัวเรื่อง [ดาราศาสตร์]

BibComment


ยังไม่เคยถูกคอมเมนท์

คอมเมนท์ทรัพยากรรายการนี้
  คอมเมนท์: ดาราศาสตร์ Essen..


 Copyright 2026. Bcnsprnw @Library